| 000 | 00000nam##2200000za#4500 |
| 001 | 9.698901 |
| 003 | CaOODSP |
| 005 | 20241203113638 |
| 007 | cr ||||||||||| |
| 008 | 150407|2007||||xxc|||||o f|0| 0 eng|d |
| 040 | |aCaOODSP|beng |
| 043 | |an-cn--- |
| 086 | 1 |aEn164-42/2007E-PDF |
| 110 | 1 |aCanada. |bEnvironment Canada. |
| 245 | 10|aLake Superior Zero Discharge Demonstration Program and critical chemical reduction milestones / |h[electronic resource]|c[in collaboration with the] U.S. Environmental Protection Agency. |
| 260 | |aBurlington - Ontario : |bEnvironment Canada |c2007. |
| 300 | |a8p.|bgraphs, table, photographs |
| 590 | |a14-08-Supp|b2014-04-10 |
| 690 | 07|aLakes|2gcpds |
| 690 | 07|aToxic substances|2gcpds |
| 690 | 07|aEnvironmental protection|2gcpds |
| 775 | 08|tProgramme de démonstration du rejet nul dans le lac Supérieur et cibles de réduction de substances chimiques clés / |w(CaOODSP)9.642947 |
| 856 | 40|ahttp://publications.gc.ca|qPDF|s704 KB|uhttps://publications.gc.ca/collections/collection_2014/ec/En164-42-2007-eng.pdf |